Statistics for Men's Tennis Champs Quiz

Click here to take the quiz!

General Stats

  • This quiz has been taken 75,297 times
    (8,861 since last reset)
  • The average score is 20 of 55

Answer Stats

#Answer% Correct
20Roger Federer
97%
20Rafael Nadal
95%
17Novak Djokovic
93%
3Andy Murray
83%
8Andre Agassi
78%
14Pete Sampras
77%
11Bjorn Borg
73%
7John McEnroe
73%
6Boris Becker
66%
8Jimmy Connors
54%
3Stanislas Wawrinka
54%
8Ivan Lendl
54%
1Dominic Thiem
53%
1Andy Roddick
48%
2Lleyton Hewitt
48%
3Arthur Ashe
46%
5Rod Laver
46%
1Juan Martin del Potro
45%
6Stefan Edberg
43%
1Marin Cilic
40%
1Goran Ivanisevic
39%
1Michael Chang
39%
7Mats Wilander
36%
4Jim Courier
36%
2Marat Safin
36%
1Pat Cash
34%
2Patrick Rafter
33%
3Gustavo Kuerten
31%
2Stan Smith
30%
2Ilie Nastase
29%
1Michael Stich
25%
1Juan Carlos Ferrero
24%
1Yannick Noah
24%
5John Newcombe
24%
1Carlos Moya
23%
2Yevgeny Kafelnikov
23%
4Guillermo Vilas
22%
1Thomas Muster
21%
4Ken Rosewall
18%
1Richard Krajicek
18%
1Gaston Gaudio
17%
1Thomas Johansson
16%
1Petr Korda
16%
2Sergi Bruguera
16%
1Vitas Gerulaitis
16%
1Albert Costa
15%
1Roscoe Tanner
13%
3Jan Kodes
12%
1Andres Gomez
12%
2Johan Kriek
11%
1Mark Edmondson
10%
1Adriano Panatta
10%
1Manuel Orantes
10%
1Brian Teacher
9%
1Andres Gimeno
8%

Score Distribution

Percentile by Number Answered

Percent of People with Each Score

Your Score History

You have not taken this quiz since the last reset